Vidas paralelas: Agis - Cleómenes - Tiberio - Cayo Graco
Shranjeno v:
| Glavni avtor: | |
|---|---|
| Format: | Knjiga |
| Jezik: | španščina |
| Izdano: |
Buenos Aires
Espasa Calpe
1951
|
| Serija: | Colección Austral, 1019
|
| Teme: | |
| Oznake: |
Označite
Brez oznak, prvi označite!
|
MARC
| LEADER | 00000nam a2200000 a 4500 | ||
|---|---|---|---|
| 001 | UCP4423 | ||
| 003 | CL-VaPUC | ||
| 008 | 990730e19510000AG |||||||||||||||||spa|d | ||
| 082 | 0 | 4 | |a 920.02 |b PLU |2 21 |
| 100 | 0 | |a Plutarco |e author |9 319084 | |
| 245 | 1 | 0 | |a Vidas paralelas: Agis - Cleómenes - Tiberio - Cayo Graco |
| 300 | |a 146 p | ||
| 942 | |c BK | ||
| 945 | |d 19990730 00:00:00 |a lriquelm | ||
| 260 | |a Buenos Aires |b Espasa Calpe |c 1951 | ||
| 600 | 0 | 7 | |a AGIS |2 CL-VaPUC |9 431926 |
| 600 | 0 | 7 | |a CLEOMENES |2 CL-VaPUC |9 431927 |
| 600 | 0 | |a Tiberio, Emperador de Roma |9 387299 | |
| 600 | 0 | 7 | |a CAYO GRACO |2 CL-VaPUC |9 431928 |
| 650 | 0 | |a Biografías clásicas |9 265901 | |
| 583 | |a last modification |c 19990730 00:00:00 |k Rodrigo Vera | ||
| 490 | 0 | |a Colección Austral, 1019 | |
| 999 | |c 282405 |d 282403 | ||
| 952 | |0 0 |1 0 |4 0 |6 920_020000000000000_PLU_1951 |7 0 |8 A |9 324092 |a BIBHIS |b BIBHIS |d 2019-11-20 |i 1367404 |o 920.02 PLU 1951 |p 1367404 |r 2023-01-25 |w 2019-11-20 |y BK |k HIS | ||
| 952 | |0 0 |1 0 |4 0 |6 920_020000000000000_PLU_1951 |7 0 |8 A |9 324093 |a BIBHIS |b BIBHIS |d 2019-11-20 |i 1367412 |o 920.02 PLU 1951 |p 1367412 |r 2023-01-25 |w 2019-11-20 |y BK |k HIS | ||
| 952 | |0 0 |1 0 |4 0 |6 920_020000000000000_PLU_1951 |7 0 |8 P |9 324094 |a BIBARQ |b BIBARQ |d 2019-11-20 |i 2665042 |o 920.02 PLU 1951 |p 2665042 |r 2025-01-20 |w 2019-11-20 |y BK |k ARQ | ||